000 00591cab a2200205 4500
001 WB3106-07
008 090401t1995 xxu||||| |||| 00| 0 eng d
035 _a(Sirsi) u70104
041 _aeng
245 _aFalling pub prices: landlords over a barrel
260 _c1995
350 _a0
490 _aDaily Telegraph
_v6 February 1995, 30(1)
520 _aReports on the poor state of the public house property market with falling prices.
650 _aPUBLIC HOUSE MARKET
650 _aPUBLIC HOUSES
690 _aPROPERTY-COMMERCIAL PROPERTY
942 _n0
948 _c04/03/1997
999 _c44103
_d44103